Statistics for Count as High as You Can - One Minute Sprint

Click here to take the quiz!

General Stats

  • This quiz has been taken 28,115 times
  • The average score is 88 of 200

Answer Stats

# % Correct
1
100%
2
99%
3
99%
5
98%
6
98%
4
98%
7
97%
8
97%
9
97%
10
96%
11
95%
15
94%
16
94%
13
94%
12
94%
14
94%
17
93%
18
93%
19
93%
20
93%
24
92%
25
92%
27
92%
23
92%
22
92%
26
92%
21
92%
29
91%
30
91%
31
91%
32
91%
28
91%
36
90%
37
90%
39
90%
35
90%
34
90%
33
90%
38
90%
40
89%
41
89%
42
89%
43
89%
44
89%
45
89%
46
88%
47
88%
48
88%
49
88%
50
88%
53
87%
51
87%
52
87%
54
86%
55
86%
56
86%
57
85%
58
85%
59
85%
60
84%
61
84%
62
84%
63
83%
64
83%
65
82%
66
82%
67
81%
68
81%
69
80%
70
79%
71
78%
72
78%
73
77%
74
76%
75
76%
76
75%
77
74%
78
73%
79
73%
80
71%
81
70%
82
69%
83
68%
84
67%
85
66%
86
66%
87
65%
88
64%
89
62%
90
60%
91
59%
92
58%
93
57%
94
56%
95
55%
96
54%
97
53%
98
52%
99
51%
100
48%
101
45%
102
41%
103
38%
104
35%
105
33%
106
30%
107
28%
108
25%
109
23%
110
21%
111
19%
112
17%
113
15%
114
14%
115
13%
116
12%
117
11%
118
11%
119
10%
120
8%
121
7%
122
6%
123
6%
124
5%
125
4%
126
4%
127
4%
128
3%
129
3%
130
3%
134
2%
135
2%
131
2%
133
2%
132
2%
142
1%
146
1%
145
1%
144
1%
143
1%
137
1%
141
1%
136
1%
139
1%
138
1%
140
1%
185
0%
184
0%
183
0%
182
0%
180
0%
181
0%
187
0%
179
0%
178
0%
177
0%
176
0%
186
0%
190
0%
188
0%
189
0%
191
0%
192
0%
193
0%
194
0%
195
0%
196
0%
197
0%
198
0%
199
0%
174
0%
175
0%
151
0%
173
0%
159
0%
147
0%
148
0%
149
0%
150
0%
152
0%
153
0%
154
0%
155
0%
156
0%
157
0%
158
0%
160
0%
172
0%
161
0%
162
0%
163
0%
164
0%
165
0%
166
0%
167
0%
168
0%
169
0%
170
0%
171
0%
200
0%

Score Distribution

Percentile by Number Answered

Percent of People with Each Score

Your Score History

You have not taken this quiz